|
|
|
|
| LEADER |
00000nam a2200000 a 4500 |
| 001 |
1/126957 |
| 008 |
230704s2012####gr | ||| |||| ||gre|| |
| 020 |
|
|
|a 9789601642208
|
| 040 |
|
|
|a GR-MyUa
|b gre
|c GR-MyUa
|e AACR2
|
| 041 |
0 |
|
|a gre
|
| 082 |
7 |
|
|a 808.068
|2 (23)
|
| 100 |
1 |
|
|a Ηλιόπουλος, Βαγγέλης Δ.,
|d 1964-
|
| 245 |
1 |
3 |
|a Το γιατί των παιδιών φέρνει την ελπίδα /
|c Βαγγέλης Ηλιόπουλος ; εικονογράφηση : Έφη Λαδά.
|
| 260 |
|
|
|a Αθήνα :
|b Πατάκης,
|c 2012.
|
| 300 |
|
|
|a [36] σ. :
|b έγχρωμ. εικ. ;
|c 24 εκ.
|
| 650 |
|
0 |
|a Storytelling
|x Fiction.
|
| 650 |
|
0 |
|a Children's literature, Greek (Modern)
|
| 650 |
|
0 |
|a Children's literature
|x Illustrations.
|
| 700 |
1 |
|
|a Λαδά, Έφη,
|f 1959-
|e ill
|
| 970 |
|
|
|a Σιδερή
|b Νεκταρία
|z 04-07-2023
|